000 00443nmm a2200145Ia 4500
008 251105s9999||||xx |||||||||||||||||und||
041 _aspa
100 _aPons, Arnau
245 0 _aLecturas de Cristal de aliento (Atemkristall) de Paul Celan
264 _a[Madrid, España] :
_bHerder Editorial,
_c2019
300 _a289 páginas
650 _aPhilosophy, Ethics
856 _uhttps://public.digitaliapublishing.com/a/129530
942 _cCF
999 _c106653
_d106653